Accordini G., La rivelazione di Dio come storia e come atto. Scenarii e codici nella teologia di W. Pannenberg, coll. Quodlibet 11, Milano, Glossa, 2002, 21x14, 310 p., 28.50 €. ISBN 88-7105-145-9 (notice n° 1620756)
[ vue normale ]
| 000 -LEADER | |
|---|---|
| fixed length control field | 00608cam a2200133 4500500 |
| 005 - DATE AND TIME OF LATEST TRANSACTION | |
| control field | 20260111091249.0 |
| 041 ## - LANGUAGE CODE | |
| Language code of text/sound track or separate title | fre |
| 042 ## - AUTHENTICATION CODE | |
| Authentication code | dc |
| 245 00 - TITLE STATEMENT | |
| Title | Accordini G., La rivelazione di Dio come storia e come atto. Scenarii e codici nella teologia di W. Pannenberg, coll. Quodlibet 11, Milano, Glossa, 2002, 21x14, 310 p., 28.50 €. ISBN 88-7105-145-9 |
| 260 ## - PUBLICATION, DISTRIBUTION, ETC. | |
| Date of publication, distribution, etc. | 2005.<br/> |
| 500 ## - GENERAL NOTE | |
| General note | 26 |
| 786 0# - DATA SOURCE ENTRY | |
| Note | Nouvelle revue théologique | 127 | 4 | 2005-12-15 | p. 623ze-646ze | 0029-4845 |
| 856 41 - ELECTRONIC LOCATION AND ACCESS | |
| Uniform Resource Identifier | <a href="https://shs.cairn.info/revue-nouvelle-revue-theologique-2005-4-page-623ze?lang=fr&redirect-ssocas=7080">https://shs.cairn.info/revue-nouvelle-revue-theologique-2005-4-page-623ze?lang=fr&redirect-ssocas=7080</a> |
Pas d'exemplaire disponible.




Réseaux sociaux